|
|
|
|
| LEADER |
01007cam a2200265 i 4500 |
| 001 |
421381 |
| 003 |
GR-PaULI |
| 005 |
20210412171355.0 |
| 008 |
801002s1980 enk b 001 0 eng |
| 952 |
|
|
|0 0
|1 0
|2 ddc
|4 0
|6 306_000000000000000_BAD
|7 0
|9 244893
|a LISP
|b LISP
|c DON
|d 2020-10-30
|e ΓΑΛ
|i 145549
|l 0
|o 306 BAD
|p 025000271810
|r 2020-10-30 00:00:00
|t 1
|w 2020-10-30
|y BKN
|
| 999 |
|
|
|c 147794
|d 147794
|
| 010 |
|
|
|a 80499578
|
| 020 |
|
|
|a 0631117016
|
| 040 |
|
|
|a DLC
|c GR-PaULI
|d
|b gre
|e AACR2
|
| 082 |
0 |
4 |
|a 306
|2 23
|
| 100 |
1 |
|
|a Badcock, C. R.
|9 184100
|e συγγραφέας.
|
| 245 |
1 |
4 |
|a The psychoanalysis of culture /
|c C. R. Badcock.
|
| 260 |
|
|
|a Oxford :
|b B. Blackwell,
|c 1980.
|
| 300 |
|
|
|a 264 σ. ;
|c 24 εκ.
|
| 500 |
|
|
|a
|
| 504 |
|
|
|a Περιλαμβάνει βιβλιογραφικές παραπομπές και ευρετήριο.
|
| 650 |
|
0 |
|a Πολιτισμός
|9 96
|
| 650 |
|
4 |
|a Ψυχανάλυση και πολιτισμός
|9 23905
|
| 942 |
|
|
|2 ddc
|c BKN
|
| 998 |
|
|
|c ΜΠΟΥΡΑΣ
|d 2020-10
|